[Event "20. Abierto Ciudad de Jaén"]
[Site "Jaén ESP"]
[Date "2010.01.31"]
[Round "8.6"]
[White "Agrest, Evgenij"]
[Black "Filip, Lucian"]
[Result "1-0"]
[WhiteElo "2585"]
[BlackElo "2454"]
[PlyCount "151"]
[EventDate "2010.01.31"]
[EventType "swiss (rapid)"]
[EventCountry "ESP"]
[Source "lmi"]
[SourceDate "2010.01.31"]

1. Nf3 Nf6 2. c4 c5 3. Nc3 e6 4. d4 cxd4 5. Nxd4 Bb4 6. g3 Ne4 7. Qd3 Qa5 8.
Nb3 Nxc3 9. Bd2 Ne4 10. Qxe4 Bxd2+ 11. Nxd2 O-O 12. Bg2 Nc6 13. Qd3 Ne5 14. Qc3
Qxc3 15. bxc3 Rb8 16. f4 Nc6 17. c5 b6 18. cxb6 Rxb6 19. Nc4 Ra6 20. Kf2 d5 21.
Nd2 Na5 22. Rhc1 Rc6 23. e4 dxe4 24. Bxe4 Rc7 25. c4 Bb7 26. c5 Rfc8 27. Rab1
f5 28. Bf3 Bxf3 29. Nxf3 Nb7 30. c6 Nd8 31. Nd4 Nxc6 32. Nxe6 Rd7 33. Rb2 Rd6
34. Ng5 h6 35. Nf3 Re8 36. Rb7 Kh7 37. Rc5 Nd4 38. Ne5 Ra6 39. Rb2 Re7 40. Rd5
Ne6 41. Nf3 g6 42. Rbd2 Kg7 43. Rd7 Kf6 44. Ne5 g5 45. R7d6 Ra3 46. Nc6 Re8 47.
Re2 Ra4 48. fxg5+ hxg5 49. Ne5 Re4 50. Rxe4 fxe4 51. Nc6 Kf5 52. Rd7 Rh8 53.
Rf7+ Kg4 54. Ne5+ Kh3 55. Rxa7 Kxh2 56. g4 Rf8+ 57. Ke3 Nf4 58. Kxe4 Kg3 59. a4
Re8 60. Kf5 Ne6 61. Nc6 Nc5 62. a5 Rf8+ 63. Kxg5 Rg8+ 64. Kf5 Rxg4 65. Ne5 Ra4
66. Nc6 Nb3 67. a6 Nc5 68. Rg7+ Kf3 69. a7 Ra6 70. Ke5 Na4 71. Rb7 Nc5 72. Rf7+
Ke3 73. Kd5 Na4 74. Rb7 Nc3+ 75. Ke5 Kd2 76. Rb8 1-0

[Event "20. Abierto Ciudad de Jaén"]
[Site "Jaén ESP"]
[Date "2010.01.31"]
[Round "8.7"]
[White "Vazquez Igarza, Renier"]
[Black "Zlotnik, Boris A"]
[Result "1-0"]
[WhiteElo "2560"]
[BlackElo "2442"]
[PlyCount "85"]
[EventDate "2010.01.31"]
[EventType "swiss (rapid)"]
[EventCountry "ESP"]
[Source "lmi"]
[SourceDate "2010.01.31"]

1. d4 Nf6 2. c4 e6 3. Nf3 d5 4. Nc3 Be7 5. Bf4 O-O 6. e3 Nbd7 7. a3 dxc4 8.
Bxc4 c5 9. dxc5 Nxc5 10. Qe2 Nce4 11. Nxe4 Nxe4 12. O-O Bd6 13. Rfd1 Qe7 14.
Rd4 Bxf4 15. exf4 Nd6 16. Rad1 Nf5 17. R4d2 a6 18. Bd3 Qc7 19. g3 Rb8 20. Ne5
f6 21. Nd7 Bxd7 22. Bxf5 Bb5 23. Bxe6+ Kh8 24. Qe3 Rbe8 25. f5 Re7 26. h4 Rfe8
27. Rd6 Qc2 28. Qd4 Qe2 29. Rd8 h5 30. Rxe8+ Rxe8 31. Bf7 Ba4 32. Qxa4 b5 33.
Qd4 Qc4 34. Be6 Qe2 35. Qd2 Qf3 36. Bd5 Qe2 37. Be6 Qf3 38. Qd4 Rf8 39. Qe3 Rd8
40. Kh2 Rd2 41. Kg1 Rd4 42. Ra1 Rf4 43. gxf4 1-0

[Event "20. Abierto Ciudad de Jaén"]
[Site "Jaén ESP"]
[Date "2010.01.31"]
[Round "8.8"]
[White "Barria Zuñiga, Daniel"]
[Black "Cifuentes Parada, Roberto"]
[Result "1-0"]
[WhiteElo "2430"]
[BlackElo "2525"]
[PlyCount "109"]
[EventDate "2010.01.31"]
[EventType "swiss (rapid)"]
[EventCountry "ESP"]
[Source "lmi"]
[SourceDate "2010.01.31"]

1. d4 d6 2. Nf3 g6 3. c4 Bg7 4. Nc3 e5 5. e4 Nc6 6. Be3 Bg4 7. d5 Nd4 8. Nb5
Nxf3+ 9. gxf3 Bd7 10. c5 a6 11. Nc3 Ne7 12. Qb3 Bc8 13. Qa4+ Kf8 14. Rc1 f5 15.
Qb4 a5 16. Qa3 f4 17. Bd2 dxc5 18. Qxc5 b6 19. Qa3 Bb7 20. Nb5 Rc8 21. Bh3 c5
22. Bxc8 Nxc8 23. Bxa5 bxa5 24. Qxc5+ Kg8 25. d6 Bf6 26. Qc4+ Kf8 27. Qe6 Rg8
28. d7 Kg7 29. dxc8=Q Bxc8 30. Rc7+ Kh6 31. Qd6 Bh3 32. Ke2 Qb8 33. a4 Bd8 34.
Rhc1 Bxc7 35. Rxc7 Re8 36. Qf6 Qd8 37. Qg7+ Kg5 38. Qxh7 Rh8 39. Qg7 Qf6 40.
Qxf6+ Kxf6 41. Rc6+ Kg5 42. Nd6 Rb8 43. Nf7+ Kh5 44. Nxe5 Rxb2+ 45. Kd3 Bf1+
46. Kd4 Rb4+ 47. Kd5 Rxa4 48. Nxg6 Kg5 49. h4+ Kh5 50. Nxf4+ Kxh4 51. Rg6 Bh3
52. Ke5 Ra2 53. Rh6+ Kg5 54. Kd4 Bc8 55. Rh1 1-0

[Event "20. Abierto Ciudad de Jaén"]
[Site "Jaén ESP"]
[Date "2010.01.31"]
[Round "8.9"]
[White "Ibarra Jerez, Jose Carlos"]
[Black "Gongora Reyes, Maikel"]
[Result "1/2-1/2"]
[WhiteElo "2520"]
[BlackElo "2470"]
[PlyCount "123"]
[EventDate "2010.01.31"]
[EventType "swiss (rapid)"]
[EventCountry "ESP"]
[Source "lmi"]
[SourceDate "2010.01.31"]

1. e4 e5 2. Nf3 Nc6 3. Bb5 Nf6 4. O-O Nxe4 5. d4 Nd6 6. dxe5 Nxb5 7. a4 Nbd4 8.
Nxd4 Nxd4 9. Qxd4 d5 10. Nc3 c6 11. Qd3 g6 12. Be3 Bf5 13. Qd2 Bg7 14. Bc5 d4
15. Bxd4 c5 16. Be3 Qxd2 17. Bxd2 O-O-O 18. Bg5 Rd7 19. Rfe1 h6 20. Be3 b6 21.
a5 Kb7 22. Nb5 Bxe5 23. axb6 axb6 24. Bxc5 Bxb2 25. Rab1 bxc5 26. Rxb2 Kc6 27.
Ra1 Ra8 28. Rab1 Rad8 29. Nc3 Kd6 30. Re1 Kc6 31. Reb1 Kd6 32. Na4 Ke7 33. Re1+
Kf6 34. Nxc5 Rd1 35. Kf1 R1d2 36. Ne4+ Bxe4 37. Rxe4 Rc8 38. Rf4+ Kg7 39. Rb7
Rf8 40. Rc7 g5 41. Rf5 Kg6 42. g4 h5 43. h3 hxg4 44. hxg4 Rd4 45. f3 Rd2 46.
Rc6+ f6 47. c4 Rc2 48. Ke1 Kg7 49. Rc7+ Kg6 50. Rc6 Kg7 51. Rc7+ Kg6 52. Rc6
Kg7 53. Rc7+ Kg6 54. Rc6 Kg7 55. Rc7+ Kg6 56. Rc6 Kg7 57. Kd1 Ra2 58. Rc7+ Kg6
59. Rc6 Kg7 60. Rc7+ Kg6 61. Rc6 Raa8 62. Ke1 1/2-1/2